[Event "Natal Potiguar op"]
[Site "Natal"]
[Date "2013.07.06"]
[Round "3"]
[White "Dos Santos, Valdir Rerold Tavar"]
[Black "Oliveira, Gabriel Betanio"]
[Result "1-0"]
[WhiteElo "1788"]
[BlackElo "1825"]
[PlyCount "35"]
[EventDate "2013.07.05"]
[EventType "swiss"]
[EventRounds "6"]
[EventCountry "BRA"]
[SourceTitle "EXT 2014"]
[Source "ChessBase"]
[SourceDate "2013.11.20"]
[SourceVersion "1"]
[SourceVersionDate "2013.11.20"]
[SourceQuality "1"]

1. e4 e6 2. Nf3 d5 3. exd5 exd5 4. d4 Nc6 5. Bd3 Nf6 6. Nc3 Bb4 7. Bd2 Bg4 8. 0-0 0-0 9. a3 Ba5 10. Be3 Bxc3 11. bxc3 Ne4 12. c4 Ne7 13. cxd5 Qxd5 14. c4 Qe6 15. d5 Qg6 16. Ne5 Qh5 17. Nxg4 Nd6 18. Nf6+ 1-0

[Event "Natal Potiguar op"]
[Site "Natal"]
[Date "2013.07.06"]
[Round "4"]
[White "Oliveira, Gabriel Betanio"]
[Black "Cabral Mesquita, Jussier"]
[Result "1-0"]
[WhiteElo "1825"]
[BlackElo "1823"]
[PlyCount "103"]
[EventDate "2013.07.05"]
[EventType "swiss"]
[EventRounds "6"]
[EventCountry "BRA"]
[SourceTitle "EXT 2014"]
[Source "ChessBase"]
[SourceDate "2013.11.20"]
[SourceVersion "1"]
[SourceVersionDate "2013.11.20"]
[SourceQuality "1"]

1. e4 c5 2. Nf3 d6 3. d4 cxd4 4. Nxd4 Nf6 5. Nc3 e5 6. Nf3 a6 7. Bg5 Be7 8. Bc4 0-0 9. 0-0 b5 10. Bb3 b4 11. Nd5 Nxd5 12. Bxd5 Ra7 13. Be3 Rd7 14. Qe2 Bb7 15. Rad1 Bxd5 16. Rxd5 Kh8 17. Bd2 Qb6 18. Rc1 f5 19. c3 fxe4 20. Qxe4 bxc3 21. Bxc3 Rdd8 22. g3 Nd7 23. Ba5 Qxb2 24. Rb1 Qa3 25. Bxd8 Bxd8 26. Rd3 Qxa2 27. Rxd6 Rxf3 28. Qxf3 Qxb1+ 29. Kg2 h6 30. Rxd7 Bf6 31. Qd3 Qxd3 32. Rxd3 a5 33. Ra3 Bd8 34. Kf3 Kg8 35. Ke4 Bc7 36. Rc3 Bb6 37. f3 Bd4 38. Ra3 Bb6 39. Kxe5 Kf7 40. Rb3 Bc5 41. Rb5 Bb4 42. Rb7+ Kg6 43. g4 Bc3+ 44. Ke4 Kf6 45. Rb6+ Kf7 46. f4 Bb4 47. Kf5 Bc3 48. Rb7+ Ke8 49. g5 hxg5 50. fxg5 Bb4 51. Rxg7 a4 52. h4 1-0